MARC

LEADER 00000nam0a2200000 4500
001 333535
005 20231102004551.0
035 |a (RuTPU)RU\TPU\book\359547 
090 |a 333535 
100 |a 20170619d1968 km y0rusy50 ca 
101 0 |a rus 
102 |a RU 
105 |a a z 001zy 
200 1 |a Автоматический контроль систем управления  |f И. Н. Блинов, Д. В. Гаскаров, А. В. Мозгалевский 
210 |a Ленинград  |c Энергия  |d 1968 
215 |a 152 с.  |c ил. 
320 |a Библиогр.: с. 149-150 
606 1 |a Технический контроль автоматический  |x Кибернетика  |2 stltpush  |3 (RuTPU)RU\TPU\subj\60119  |9 77608 
610 1 |a работоспособность 
610 1 |a неисправности 
610 1 |a электрические системы 
610 1 |a контрольные сигналы 
610 1 |a деформации 
610 1 |a прогнозирование 
610 1 |a автоматические устройства 
610 1 |a контролируемые системы 
610 1 |a проектирование 
675 |a 681.518.52  |v 4 
700 1 |a Блинов  |b И. Н.  |g Игорь Николаевич 
701 1 |a Гаскаров  |b Д. В.  |g Диляур Вагизович 
701 1 |a Мозгалевский  |b А. В.  |g Андрей Васильевич 
801 1 |a RU  |b 63413507  |c 20170619 
801 2 |a RU  |b 63413507  |c 20170620  |g RCR 
942 |c BK